Lyrics Love my Life by UFO361 - Statistiken

Allgemein
  • Dieses Quiz wurde 5 mal gespielt
  • Das Durchschnittsergebnis liegt bei 116 aus 305
Antwortstatistiken
Antwort % Korrekt
da
75%
das
75%
der
75%
die
75%
I
75%
Life
75%
Love
75%
my
75%
zu
75%
a
50%
am
50%
An
50%
bin
50%
bis
50%
Bitch
50%
dann
50%
den
50%
du
50%
Du
50%
für
50%
ganz
50%
Hab
50%
hab
50%
High
50%
ich
50%
Ich
50%
ihr
50%
im
50%
I'm
50%
in
50%
Its
50%
ja
50%
Ja
50%
kann
50%
mich
50%
nein
50%
She
50%
sie
50%
sind
50%
the
50%
und
50%
We
50%
weiß
50%
wie
50%
wir
50%
wo
50%
you
50%
You
50%
15k
25%
Album
25%
Alien
25%
all
25%
around
25%
Backwoods
25%
Baller
25%
been
25%
Bestes
25%
Bevor
25%
bevor
25%
Birkin
25%
bleibt
25%
but
25%
Cali
25%
cant
25%
Chains
25%
Champions-League
25%
Corner
25%
decision
25%
Designer
25%
dieses
25%
durch
25%
ein
25%
Einfahrt
25%
Evergreen
25%
fahrn
25%
fight
25%
fliegt
25%
Four
25%
Gas
25%
Girl
25%
glaub
25%
go
25%
Guck
25%
Heavy
25%
herkommen
25%
Heute
25%
Jeans
25%
Jet
25%
Kelly-Bag
25%
Kids
25%
kommt
25%
Letztes
25%
letztes
25%
lie
25%
Lifestyle
25%
machen
25%
Mailand
25%
make
25%
Mann
25%
Marriott
25%
Mein
25%
mein
25%
mein'
25%
Meine
25%
Miami
25%
Mios
25%
miss
25%
mit
25%
mm
25%
nach
25%
ner
25%
nicht
25%
night
25%
oder
25%
on
25%
Pack
25%
Pah
25%
Porsche
25%
Privat
25%
Red
25%
ride
25%
run
25%
sagen
25%
Seasons
25%
sieht
25%
so
25%
Spider
25%
that
25%
Trap
25%
unten
25%
verdient
25%
verliebt
25%
versus
25%
voll
25%
vor
25%
VVS
25%
wanna
25%
warn
25%
was
25%
Watches
25%
weißt
25%
wenn
25%
Wenn
25%
wird
25%
wirst
25%
World
25%
world
25%
Wrist
25%
zur
25%
Babe
0%
Becher
0%
capp
0%
fucks
0%
Jetskis
0%
Lets
0%
Mission
0%
Packs
0%
riechst
0%
riecht
0%
schon
0%
siehst
0%
Von
0%
Zero
0%
Keine übereinstimmenden Quizze gefunden
Verteilung der Resultate
Anzahl Personen mit jedem Resultat
Perzentil nach korrekt beantworteten Fragen
Ihre Resultats-Entwicklung
Sie haben dieses Quiz noch nicht gespielt